| 000 | 01078nam a2200241Ii 4500 | ||
|---|---|---|---|
| 003 | JO-AjNU | ||
| 005 | 20240629100724.0 | ||
| 008 | 230605s9999||||xx |||||||||||||| ||und|| | ||
| 040 |
_aJO-AjNU _bara _erda _cJO-AjNU |
||
| 041 | _aara | ||
| 050 | 1 | 4 | _aKMM182.9 |
| 100 | 1 |
_aابو جمل، فراس يحيى _eمعد _965751 |
|
| 245 | 0 |
_aتشكيل هيئة التحكيم في القانون الاردني(دراسة مقارنة) = Formation of Arbitral Tribunal in Jordanian Law (A Comparative Study) / _cاعداد فراس يحيى ابو جمل؛ اشراف عبدالحكيم محسن عطروش |
|
| 264 | 3 | 1 | _a 2020 |
| 300 | _a108 ورقة | ||
| 336 |
_atext _btxt _2rdacontent |
||
| 337 |
_aunmediated _bn _2rdamedia |
||
| 338 |
_avolume _bnc _2rdacarrier |
||
| 500 | _aرسالة جامعية(اطروحة ماجستير) جامعة عجلون الوطنية: كلية الحقوق، القانون،2020 | ||
| 650 | 4 |
_aقانون التحكيم - الاردن _959726 |
|
| 700 | 1 |
_a عطروش، عبد الحكيم محسن _947814 _eمشرف |
|
| 942 |
_2lcc _cTHS |
||
| 999 |
_c30459 _d30459 |
||